| 000 | 01421cam a22002773a 4500 | ||
|---|---|---|---|
| 001 | 28891 | ||
| 003 | PGUSA | ||
| 005 | 20140828083627.0 | ||
| 008 | 090520s2009||||xxu|||||s|||||000 | eng d | ||
| 040 |
_aPGUSA _beng |
||
| 042 | _adc | ||
| 050 | 4 | _aPC | |
| 245 | 1 | 0 |
_aLe Cabinet des Fées : _bOr Recreative Readings Arranged for the Express Use of Students in French _h[electronic resource] |
| 260 |
_bProject Gutenberg, _c2009 |
||
| 505 | 0 | _aLe Petit Chaperon Rouge -- Le Chat Botté -- Cendrillon -- La Belle au Bois Dormant -- Riquet à la Houppe -- Le Petit Poucet -- Les Fées -- Peau D'âne -- L'oiseau Bleu -- La Bonne Petite Souris -- La Barbe-Bleue -- Finette Cendron -- La Chatte Blanche -- Aurore et Aimée -- La Veuve et ses deux Filles -- La Biche au Bois -- La Belle et la Bête -- La Belle aux Cheveux d'or -- Le Prince Chéri -- Fatal et Fortuné -- Le Prince Tity -- La Grenouille Bienfaisante -- Les Trois Souhaits -- Bellotte et Laideronnette -- Le Pêcheur et le Voyageur -- Le Chien Reconnaissant. | |
| 506 | _aPublic domain in the USA. | ||
| 516 | _aElectronic text | ||
| 653 | _aFrench language -- Readers | ||
| 653 | _aFairy tales | ||
| 700 | 1 |
_aLeprince de Beaumont, Madame _q(Jeanne-Marie), _d1711-1780 |
|
| 700 | 1 |
_aPerrault, Charles, _d1628-1703 |
|
| 700 | 1 | _aGérard, Georges | |
| 830 | 0 |
_aProject Gutenberg _v28891 |
|
| 856 | 4 | 0 | _uhttp://www.gutenberg.org/ebooks/28891 |
| 942 | _cEB | ||
| 999 |
_c258146 _d258146 |
||